Normal view MARC view
  • RAJ, PETHURU AND RAMAN,ANUPAMA C

Entry Personal Name

Number of records used in: 1

001 - CONTROL NUMBER

  • control field: 8714

003 - CONTROL NUMBER IDENTIFIER

  • control field: JRU

005 - DATE AND TIME OF LATEST TRANSACTION

  • control field: 20251008122747.0

008 - FIXED-LENGTH DATA ELEMENTS

  • fixed length control field: 251008|| aca||aabn | a|a d

040 ## - CATALOGING SOURCE

  • Original cataloging agency: JRU
  • Transcribing agency: JRU

100 ## - HEADING--PERSONAL NAME

  • Personal name: RAJ, PETHURU AND RAMAN,ANUPAMA C

670 ## - SOURCE DATA FOUND

  • Source citation: Work cat.: (JRU)8888: RAJ, PETHURU AND RAMAN,ANUPAMA C. , THE INTERNET OF THINGS: Enabling technologies platform and use cases, 2017